Flaggen der Welt 1900 - Statistiken

Allgemein
  • Dieses Quiz wurde 268 mal gespielt
  • Das Durchschnittsergebnis liegt bei 33 aus 75
Antwortstatistiken
Bildquiz Antwort % Korrekt
Korea
95%
Russland
95%
Haiti
87%
Vereinigtes Königreich
74%
Japan
73%
Schweden-Norwegen
73%
Kolumbien
68%
Bhutan
66%
Monaco
66%
Schweiz
66%
Argentinien
65%
Brasilien
65%
Bulgarien
65%
Chile
65%
Frankreich
65%
Liberia
65%
Mexiko
65%
Niederlande
65%
Serbien
65%
Spanien
65%
Uruguay
65%
Vereinigte Staaten
64%
Belgien
63%
Dänemark
63%
Italien
63%
Luxemburg
63%
Paraguay
63%
Tonga
63%
Nepal
62%
Rumänien
62%
San Marino
62%
Honduras
61%
Österreich-Ungarn
61%
Peru
61%
China
60%
Guatemala
59%
Venezuela
57%
Costa Rica
56%
Deutschland
56%
Dominikanische Republik
56%
Bolivien
55%
Ecuador
54%
Osmanisches Reich
52%
Nicaragua
51%
Portugal
50%
Swasiland
45%
Montenegro
44%
Griechenland
38%
Liechtenstein
33%
Äthiopien
31%
Kanada
31%
Siam
31%
Marokko
21%
Persien
21%
Unabhängiger Kongostaat
15%
Afghanistan
12%
Südafrikanische Republik
9%
Andorra
8%
El Salvador
8%
Oranje-Freistaat
8%
Aro
6%
Kretischer Staat
6%
Muskat und Oman
6%
Staat der Derwische
3%
Aceh
2%
Acre
2%
Aschantireich
2%
Aussa | Áwsa
2%
Champasak
2%
Ha'il
2%
Sokoto
2%
Sulu
2%
Ankole
1%
Bali
1%
Neue Hebriden
1%
Keine übereinstimmenden Quizze gefunden
Verteilung der Resultate
Anzahl Personen mit jedem Resultat
Perzentil nach korrekt beantworteten Fragen
Ihre Resultats-Entwicklung
Sie haben dieses Quiz noch nicht gespielt